000
00319nam a2200133Ia 4500
008
191201s2006 xx 000 0 und d
082
_a
658.1
_b
BAM
100
_a
BATRA, Promod
245
0
_a
Management Ideas in Action
260
_a
N.Delhi
_b
Think Inc
_c
2006
300
_a
492
650
_a
General Books
942
_2
ddc
_c
BK
999
_c
976
_d
976